Etty Hillesum: mística y humanidad.
Saved in:
| Hovedforfatter: | |
|---|---|
| Format: | Ukendt |
| Sprog: | engelsk |
| Udgivet: |
Bogotá, D.C., Colombia:
Pontificia Universidad Javeriana; Facultad de Teología,
2017.
|
| Udgivelse: | Primera edición. |
| Serier: | Colección Monografías y Tesis,
|
| Fag: | |
| Tags: |
Tilføj Tag
Ingen Tags, Vær først til at tagge denne postø!
|
MARC
| LEADER | 00000 a2200000 4500 | ||
|---|---|---|---|
| 003 | CL-VaPUC | ||
| 005 | 20230414114355.0 | ||
| 008 | 230410t2017 ||||| |||| 00| 0 eng d | ||
| 999 | |c 439710 |d 439708 | ||
| 020 | |a 978-958-781-109-4 | ||
| 040 | |c Pontificia Universidad Católica de Valparaíso | ||
| 082 | |2 22 |a 248.22 NAV 2017 | ||
| 100 | |a Navarro Sánchez, Rosana Elena |e autora |9 879294 | ||
| 245 | |a Etty Hillesum: |b mística y humanidad. | ||
| 250 | |a Primera edición. | ||
| 260 | |a Bogotá, D.C., Colombia: |b Pontificia Universidad Javeriana; |b Facultad de Teología, |c 2017. | ||
| 300 | |a 196 páginas. | ||
| 490 | |a Colección Monografías y Tesis, |n 24. | ||
| 583 | |k GC |c 20230410 | ||
| 600 | 0 | |9 881284 |a Hillesum, Etty, |d 1914-1943 |t Diario |x Judía holandesa |x Experiencia mística |x Campo de concentración |x Segunda Guerra Mundial |z Siglo 20 | |
| 650 | 0 | |9 265505 |a Misticismo |x Experiencia religiosa | |
| 650 | 0 | |9 413807 |a Ser humano |x Aspectos místicos |x Espiritualidad | |
| 942 | |2 ddc |c BK | ||
| 952 | |0 0 |1 0 |2 ddc |4 0 |6 248_220000000000000_NAV_2017 |7 0 |8 A |9 589485 |a BIBTEO |b BIBTEO |c GEN |d 2023-04-05 |e 178 |g 6031.69 |i 5657002 |o 248.22 NAV 2017 |p 5657002 |r 2025-01-17 |t 1 |v 6031.69 |w 2023-04-05 |y BK |k ICR | ||